| 000 | 00805nam a22002537a 4500 | ||
|---|---|---|---|
| 999 |
_c10800 _d10800 |
||
| 003 | AR-CdUCM | ||
| 008 | 190402b ||||| |||| 00| 0 spa d | ||
| 020 | _a978-312-00-0210-0 | ||
| 040 |
_aMUNICIPALIDAD PROVINCIAL DEL CUSCO _cBIBLIOTECA MUNICIPAL DEL CUSCO |
||
| 082 |
_aEP / 869.56 / _bM86 |
||
| 100 |
_aMora Aquino, Alex F. _927837 |
||
| 245 |
_aQoyllor : _bUna historia de fe, esperanza y solidaridad / |
||
| 260 |
_aCusco : _bBiblioteca Nacional del PerĂº, _c2010. |
||
| 300 |
_a67 paginas ; _bilustraciones, graficos, dibujos, _c20 cm. |
||
| 500 | _aHistoria | ||
| 505 | _aContenido: Cuento | ||
| 650 |
_aCuento _94671 |
||
| 650 |
_aHistoria _9136 |
||
| 650 |
_aLiteratura _983 |
||
| 650 |
_aPerĂº _935 |
||
| 700 |
_aRozas Paravicino, Enrique _93146 |
||
| 942 |
_2ddc _cLIBROS |
||
| 945 | _apjha | ||